00457 a2200145 450000500170000002000220001708200110003910000170005024500240006725000120009126000380010330000680014170000380020985600640024720250611121003.0 a978-0-07-337944-9 a657WIL aWild J. John aCollege Accounting  a5th Ed. aNew yorkbMcGraw-Hill/Irwinc2008 axxxiv, 845p ill, picture, table, diagrambAppendix, Indexc29cm aRichardson J. Vernon, Shaw W. Ken yAccess Online BookfCollege Accountingdwww.mhhe.com/wildCA